<?xml version="1.0" encoding="UTF-8"?>
<collection xmlns="http://www.loc.gov/MARC21/slim">
 <record>
  <leader>01137nam a22002295a 4500</leader>
  <controlfield tag="001">EAD.ead003498</controlfield>
  <controlfield tag="008">130813s2013####ag#a#####b####000#0#spa#d</controlfield>
  <controlfield tag="005">20160212124055.0</controlfield>
  <datafield tag="245" ind1="1" ind2="4">
   <subfield code="a">Historia de la Cooperativa Obrera Económica de Consumos de Punta Alta (1913-1967) /</subfield>
   <subfield code="c">Luciano Izarra, Gustavo Chalier.</subfield>
  </datafield>
  <datafield tag="260" ind1=" " ind2=" ">
   <subfield code="a">[Bahía Blanca, Argentina :</subfield>
   <subfield code="b">Gabinete Universitario de Investigación, Docencia y Extensión sobre Cooperativas y otras Entidades de la Economía Social (GIDECOOP)],</subfield>
   <subfield code="c">2013.</subfield>
  </datafield>
  <datafield tag="300" ind1=" " ind2=" ">
   <subfield code="a">49 p. :</subfield>
   <subfield code="b">il. ;</subfield>
   <subfield code="c">21 cm.</subfield>
  </datafield>
  <datafield tag="490" ind1="1" ind2=" ">
   <subfield code="a">GIDECOOP. Segunda Serie ;</subfield>
   <subfield code="v">no. 14</subfield>
  </datafield>
  <datafield tag="504" ind1=" " ind2=" ">
   <subfield code="a">Incluye referencias bibliográficas.</subfield>
  </datafield>
  <datafield tag="100" ind1="1" ind2=" ">
   <subfield code="a">Izarra, Luciano.</subfield>
  </datafield>
  <datafield tag="700" ind1="1" ind2=" ">
   <subfield code="a">Chalier, Gustavo.</subfield>
  </datafield>
  <datafield tag="710" ind1="2" ind2=" ">
   <subfield code="a">Universidad Nacional del Sur. Gabinete Universitario de Investigación, Docencia y Extensión sobre Cooperativas y otras Entidades de la Economía Social (GIDECOOP)</subfield>
  </datafield>
  <datafield tag="830" ind1=" " ind2="0">
   <subfield code="a">GIDECOOP.</subfield>
   <subfield code="p">Segunda Serie ;</subfield>
   <subfield code="v">no. 14.</subfield>
  </datafield>
  <datafield tag="082" ind1="0" ind2="4">
   <subfield code="a">334.01</subfield>
   <subfield code="2">21</subfield>
  </datafield>
  <datafield tag="650" ind1=" " ind2="7">
   <subfield code="a">Cooperativas de consumo.</subfield>
   <subfield code="2">unbist</subfield>
  </datafield>
  <datafield tag="650" ind1=" " ind2="7">
   <subfield code="a">Historia.</subfield>
   <subfield code="2">unbist</subfield>
  </datafield>
  <datafield tag="651" ind1=" " ind2="0">
   <subfield code="a">Punta Alta (Argentina)</subfield>
  </datafield>
  <datafield tag="859" ind1=" " ind2=" ">
   <subfield code="a">AR-BaBDC</subfield>
   <subfield code="b">BIB. ADMINISTRACION GABCOOP - Libros</subfield>
   <subfield code="h">334.01</subfield>
   <subfield code="i">Un3</subfield>
   <subfield code="p">g01335</subfield>
   <subfield code="v">14</subfield>
  </datafield>
 </record>
</collection>
